Anglican journal

Detalles Bibliográficos
Autor Corporativo: Anglican Church of Canada. General Synod. Board of Trustees
Formato: Desconocido
Lenguaje:inglés
Publicado: Canada : Anglican Church of Canada
Materias:
Acceso en línea:Acceso restringido

MARC

LEADER 00000ny a22000003n 4500
005 20110511142447.0
008 100302u19uu9999cn mu 0 0 0eng
022 |a 0847-978X 
035 |a 3055 
040 |a BUS  |d vLex 
090 |c 1697  |d 1697 
245 3 0 |a Anglican journal  |h [Recurso electrn̤ico] 
246 3 |a Anglican journal/Episcopal journal 
246 3 |a Canadian churchman 
256 |a Servicio en ln̕ea 
260 |a Canada :  |b Anglican Church of Canada 
310 |a 10 veces al aǫ 
506 1 |a Contenido solo disponible en los productos indicados  |d vLex Global  |d vLex Global (Academic Edition, excluding Law Schools)  |d vLex Global (Academic Edition, Law Schools) 
650 0 4 |a Anglicanismo  |x Historia  |x Publicaciones perid̤icas 
710 2 |a Anglican Church of Canada.  |b General Synod.  |b Board of Trustees 
740 0 |a vLex Revista (Servicios en ln̕ea) 
843 |a Electrn̤ica. Abierta 
853 |8 1  |i (year)  |j (month)  |k (day) 
856 4 0 |z Acceso restringido  |u http://vlex.com/account/login_ip?fuente_id=3055  
942 |c REV